| 000 | 00375nam a2200145Ia 4500 | ||
|---|---|---|---|
| 008 | 221030s9999 xx 000 0 und d | ||
| 041 | _aEnglish | ||
| 082 |
_a105.23 _bRag |
||
| 100 | _aB. S. Raghuwanshi | ||
| 245 | 0 | _aCourse in Workshop Technology Machine Tools Vol. II | |
| 260 |
_bDhanpat Rai Pub _aNew Delhi _c1998 |
||
| 300 | _a1001 | ||
| 650 | _aMechanical | ||
| 942 | _cBK | ||
| 999 |
_c905 _d905 |
||